| 000 | 00941nam a22003257a 4500 | ||
|---|---|---|---|
| 001 | 0072226 | ||
| 003 | KOHA_MİRAKIL | ||
| 005 | 20260207005046.0 | ||
| 007 | ta | ||
| 008 | 241017b2023 tu |||gr||||#0|||0|tur | | ||
| 020 | _a9789750287794 | ||
| 040 |
_aTR-BiSEU _btur _cTR-BiSEU _erda |
||
| 041 | 0 | _atur | |
| 044 | _ctu | ||
| 050 |
_aKKX3800 _b.D46 2023 |
||
| 100 | 1 | _aDemirbaş, Timur. | |
| 245 | 1 |
_aCeza hukuku : _bgenel hükümler/ _cTimur Demirbaş ; Timur Demirbaş. |
|
| 250 | _aGüncellenmiş 18. baskı. | ||
| 264 | 1 |
_aAnkara : _bSeçkin _c2023 |
|
| 300 | _a872 sayfa; 24 cm. | ||
| 336 |
_ametin _btxt _2rdacontent |
||
| 337 |
_aaracısız _bn _2rdamedia |
||
| 338 |
_acilt _bnc _2rdacarrier |
||
| 500 | _aKaynakça ve dizin var. | ||
| 650 | 0 |
_aCeza hukuku--genel hükümler. _9143581 |
|
| 650 | 0 |
_aCeza hukuku. _922821 |
|
| 650 | 0 |
_aCriminal law--general provisions _9143582 |
|
| 907 | _aHukuk | ||
| 942 |
_2lcc _cBK |
||
| 999 |
_c72980 _d72980 |
||